Memòria de gestió : 1993-1994 / Institut de Gestió Urbanística Local 1993-1994 / Institut de Gestió Urbanística Local
ISBN:
84-7794-362-1
Descripción Física:
39 p. : il., map. ; 15 x 25 cm
MARC
| LEADER | 00000nam a2200000Ia 4500 | ||
|---|---|---|---|
| 001 | 14927 | ||
| 003 | BGR | ||
| 005 | 20260324175259.0 | ||
| 008 | 160829s9999 xx 000 0 cat d | ||
| 020 | |a 84-7794-362-1 | ||
| 080 | |a FU-32-27 | ||
| 110 | 1 | |a Institut d'Urbanisme, Habitatge i Activitats Locals (Barcelona) |9 71110 | |
| 245 | |a Memòria de gestió : |b 1993-1994 / Institut de Gestió Urbanística Local | ||
| 250 | |a Ed. no venal | ||
| 260 | |a [Barcelona] : |b l'Institut, Diputació de Barcelona, cop. 1995 | ||
| 300 | |a 39 p. : |b il., map. ; |c 15 x 25 cm | ||
| 590 | |a Inclou les fitxes de convenis de gestió urbanística establerts amb diferents municipis de la província de Barcelona | ||
| 650 | |a Institut de Gestió Urbanística Local |x Memòries |9 24688 | ||
| 650 | 0 | |a Urbanisme |z Barcelona (Catalunya : Província) |9 18405 | |
| 901 | |a Arxiu | ||
| 942 | |n 1 |2 udc |c MON | ||
| 952 | |0 0 |1 0 |4 0 |6 FU3227 |7 1 |9 43265 |a Arxiu |b Arxiu |d 2016-12-01 |l 0 |o FU-32-27 |p 14927 |r 2016-12-01 00:00:00 |w 2016-12-01 |y ARXIU | ||
| 999 | |c 45810 |d 45810 | ||